| 000 | 01675cam a2200385 i 4500 | ||
|---|---|---|---|
| 001 | 31246 | ||
| 003 | Mx-PuUPA | ||
| 005 | 20260420120808.0 | ||
| 008 | 140415s2024 mx ad gr 001 0 spa d | ||
| 020 | _a9786071520838 | ||
| 040 |
_cMx-PuUPA _aMx-PuUPA _bspa _dMx-PuUPA _erda |
||
| 041 | 1 |
_aspa _heng |
|
| 130 | 0 | _aGoodman & Gilman's. The pharmacological basis of therapeutics. | |
| 245 | 1 | 0 |
_aGoodman & Gilman's : _blas bases farmacológicas de la terapéutica / _ceditor en jefe, Laurence L. Brunton ; editor, Björ C. Knollmann ; traducción, Armoise |
| 246 | 3 | 3 | _aGoodman and Gilmans |
| 246 | 3 | 0 | _aLas bases farmacológicas de la terapéutica |
| 250 | _aPrimera edición | ||
| 264 | 1 |
_aCiudad de México : _bMcGraw-Hill Interamericana Editores, _c©2024 |
|
| 336 |
_2rdacontent _atexto _btxt |
||
| 336 |
_2rdacontent _aimagen fija _bsti |
||
| 337 |
_2rdamedia _asin medio _bn |
||
| 338 |
_2rdacarrier _avolumen _bnc |
||
| 650 | 7 |
_2armarc _aMedicamentos |
|
| 650 | 7 |
_2armarc _aFarmacocinética |
|
| 650 | 7 |
_2armarc _aFarmacología |
|
| 650 | 7 |
_2armarc _aQuimioterapia |
|
| 650 | 7 |
_2armarc _aTerapéutica |
|
| 942 |
_2ddc _cLI _h615.7 _iG6418 |
||
| 999 |
_c31246 _d31246 |
||